Influencia de la Real Sociedad Española de Historia Natural en la divulgación y enseñanza de las Ciencias Naturales / (Record no. 115923)

MARC details
000 -LEADER
campo de control de longitud fija 00732nam a2200193 4500
001 - NÚMERO DE CONTROL
campo de control 115923
003 - IDENTIFICADOR DE NÚMERO DE CONTROL
campo de control ES-MaACL
005 - FECHA Y HORA DE LA ÚLTIMA TRANSACCIÓN
campo de control 20250816063139.0
007 - CAMPO FIJO DE DESCRIPCIÓN FÍSICA--INFORMACIÓN GENERAL
campo de control de longitud fija t|
008 - DATOS DE LONGITUD FIJA--INFORMACIÓN GENERAL
campo de control de longitud fija 061121s1949 sp r ||||1| spa d
100 1# - ENTRADA PRINCIPAL--NOMBRE DE PERSONA
Nombre de persona Pan, Ismael del.
9 (RLIN) 88740
245 10 - MENCIÓN DEL TÍTULO
Título Influencia de la Real Sociedad Española de Historia Natural en la divulgación y enseñanza de las Ciencias Naturales /
Mención de responsabilidad, etc. Ismael del Pan Fernández.
260 ## - PUBLICACIÓN, DISTRIBUCIÓN, ETC.
Lugar de publicación, distribución, etc. Madrid :
Nombre del editor, distribuidor, etc. [s.n.],
Fecha de publicación, distribución, etc. 1949.
300 ## - DESCRIPCIÓN FÍSICA
Extensión 8 h. ;
Dimensiones 24 cm.
594 ## - Nota al título y mención de responsabilidad
a Tirada aparte del Boletín de la Real Sociedad Española de Historia Natural, 1949, tomo extraordinario, p. 29-44
852 4# - LOCALIZACIÓN
Ubicación ES-MaACL
Sublocalización o colección R.28847
Ubicación en estantería Depósito folletos
Número de control de estantería 1900-F-18
942 ## - ELEMENTOS DE ENTRADA SECUNDARIOS (KOHA)
Fuente del sistema de clasificación o colocación Clasificación decimal universal
Tipo de ítem Koha Folleto
Suprimir en OPAC No
Holdings
Estatus retirado Estado de pérdida Estado de daño No para préstamo Colección Biblioteca de origen Biblioteca actual Ubicación en estantería Fecha de adquisición Fuente de adquisición Total de préstamos Signatura topográfica completa Código de barras Visto por última vez Precio de reemplazo Tipo de ítem Koha
        Colección de folletos Biblioteca del Ateneo de Madrid Biblioteca del Ateneo de Madrid Depósito folletos 17/01/2008     1900-F-18 1120887 23/02/2023 23/02/2023 Folleto